Sacred biography in the Buddhist traditions of South and Southeast Asia (Record no. 2821)
[ view plain ]
| 000 -LEADER | |
|---|---|
| fixed length control field | 01317nam a2200313 a 4500 |
| 082 04 - DEWEY DECIMAL CLASSIFICATION NUMBER | |
| Classification number | 294.3/6 |
| 245 00 - TITLE STATEMENT | |
| Title | Sacred biography in the Buddhist traditions of South and Southeast Asia |
| 260 ## - PUBLICATION, DISTRIBUTION, ETC. (IMPRINT) | |
| Place of publication | Honolulu, Hawaii : |
| Name of publisher | University of Hawai'i Press, |
| Year of publication | c1997. |
| 300 ## - PHYSICAL DESCRIPTION | |
| Number of Pages | xi, 366 p., [4] p. of plates : |
| Other physical details | ill. (some col.). |
| 650 #0 - SUBJECT ADDED ENTRY--TOPICAL TERM | |
| Topical Term | Buddhist saints |
| Topical Term | Buddhist hagiography |
| 700 1# - ADDED ENTRY--PERSONAL NAME | |
| Personal name | Schober, Juliane. |
| 856 40 - ELECTRONIC LOCATION AND ACCESS | |
| Uniform Resource Identifier | http://site.ebrary.com/lib/rucke/Doc?id=5000448 |
No items available.
